[Event "Ljubljana-chT 75th"]
[Site "Ljubljana"]
[Date "2023.03.02"]
[Round "6.4"]
[White "Brvar, Anze"]
[Black "Ocepek, Marjan"]
[Result "1-0"]
[WhiteElo "1781"]
[BlackElo "1610"]
[PlyCount "47"]
[EventDate "2023.01.12"]
[EventType "team-swiss"]
[EventRounds "9"]
[EventCountry "SLO"]
[SourceTitle "EXT 2024"]
[Source "ChessBase"]
[SourceDate "2023.10.10"]
[SourceVersion "1"]
[SourceVersionDate "2023.10.10"]
[SourceQuality "1"]
[WhiteTeam "Zagorje ob Savi"]
[BlackTeam "Menges Trzin"]
[WhiteTeamCountry "SLO"]
[BlackTeamCountry "SLO"]

1. d4 Nf6 2. Nf3 e6 3. Bg5 Be7 4. e3 b6 5. Bd3 Bb7 6. Nbd2 d5 7. 0-0 Nbd7 8. c4 0-0 9. Rc1 c5 10. Bb1 Rc8 11. Qa4 Bc6 12. Qc2 h6 13. Bh4 dxc4 14. Ne5 g6 15. Nxg6 fxg6 16. Qxg6+ Kh8 17. Qxh6+ Kg8 18. Qg6+ Kh8 19. dxc5 Qe8 20. Qh6+ Kg8 21. Bg6 Qd8 22. Rxc4 e5 23. Bxf6 Nxf6 24. Rh4 1-0

[Event "SLO-ch U12"]
[Site "Rogaska Slatina"]
[Date "2009.02.25"]
[Round "6"]
[White "Cretnik, Urban"]
[Black "Brvar, Anze"]
[Result "1-0"]
[WhiteElo "1551"]
[BlackElo "1547"]
[PlyCount "59"]
[EventDate "2009.02.22"]
[EventType "swiss"]
[EventRounds "9"]
[EventCountry "SLO"]
[SourceTitle "CBM 129 Extra"]
[Source "ChessBase"]
[SourceDate "2009.05.05"]
[SourceVersion "2"]
[SourceVersionDate "2009.05.20"]
[SourceQuality "1"]

1. e4 d6 2. d4 Nf6 3. Nc3 e5 4. dxe5 dxe5 5. Qxd8+ Kxd8 6. Nf3 Bd6 7. Bc4 Ke7 8. h3 h6 9. Nd5+ Nxd5 10. Bxd5 c6 11. Bb3 Be6 12. Bd2 Nd7 13. 0-0-0 Bxb3 14. axb3 f6 15. Be3 Bc5 16. Rxd7+ Kxd7 17. Bxc5 b6 18. Rd1+ Kc7 19. Bd6+ Kb7 20. Bb4 c5 21. Bc3 Rad8 22. Nh4 Rxd1+ 23. Kxd1 Kc6 24. Nf5 g6 25. Ne7+ Kd6 26. Nxg6 Rg8 27. Nh4 Ke6 28. g3 a5 29. Nf5 h5 30. Ke2 1-0

[Event "SLO-ch U12"]
[Site "Rogaska Slatina"]
[Date "2009.02.22"]
[Round "2"]
[White "Opara, Jan"]
[Black "Brvar, Anze"]
[Result "1-0"]
[WhiteElo "1692"]
[BlackElo "1547"]
[PlyCount "79"]
[EventDate "2009.02.22"]
[EventType "swiss"]
[EventRounds "9"]
[EventCountry "SLO"]
[SourceTitle "CBM 129 Extra"]
[Source "ChessBase"]
[SourceDate "2009.05.05"]
[SourceVersion "2"]
[SourceVersionDate "2009.05.20"]
[SourceQuality "1"]

1. d4 d6 2. Nf3 Nf6 3. e3 Bg4 4. Be2 Nc6 5. 0-0 g6 6. Nbd2 a6 7. b3 Bg7 8. Bb2 0-0 9. h3 Bf5 10. c4 d5 11. Ne5 Nxe5 12. dxe5 Nd7 13. f4 dxc4 14. e4 Be6 15. Bxc4 Bxc4 16. Nxc4 e6 17. Ba3 Re8 18. Na5 Rb8 19. Rc1 c6 20. Nc4 Bf8 21. Bd6 Ra8 22. Kh1 Nc5 23. Bxf8 Rxf8 24. Qxd8 Rfxd8 25. Nd6 Rxd6 26. exd6 Nxe4 27. Kh2 Nxd6 28. Rfd1 Nb5 29. Rd7 Rb8 30. a4 Na7 31. Rcd1 c5 32. Rd8+ Rxd8 33. Rxd8+ Kg7 34. Rd7 Nc6 35. Rxb7 Na5 36. Rb8 c4 37. bxc4 Nxc4 38. Rb4 Nd2 39. Rb6 a5 40. Rb5 1-0

[Event "SLO-ch U10"]
[Site "Murska Sobota"]
[Date "2007.02.28"]
[Round "6"]
[White "Brvar, Anze"]
[Black "Urbanc, Peter"]
[Result "0-1"]
[WhiteElo "1500"]
[BlackElo "1550"]
[PlyCount "42"]
[EventDate "2007.02.25"]
[EventType "swiss"]
[EventRounds "9"]
[EventCountry "SLO"]
[SourceTitle "CBM 117 Extra"]
[Source "ChessBase"]
[SourceDate "2007.05.09"]
[SourceVersion "1"]
[SourceVersionDate "2007.05.09"]
[SourceQuality "1"]

1. e4 e5 2. Nf3 Nc6 3. Nc3 Nf6 4. Be2 d5 5. exd5 Nxd5 6. Nxd5 Qxd5 7. b3 Bf5 8. Bb2 0-0-0 9. Bc4 Qe4+ 10. Be2 f6 11. d3 Qd5 12. Qd2 Bb4 13. Bc3 Bc5 14. 0-0 h5 15. Nh4 Bg4 16. Ng6 Rh6 17. Nh4 g5 18. Bxg4+ hxg4 19. Nf5 Rh7 20. b4 Rdh8 21. Ng3 Rxh2 0-1